Autosalón + autoservis Chevrolet

Saved in:
Bibliographic Details
Main Author: Gálfy, Máté (Author)
Other Authors: Bielek, Boris (Thesis advisor)
Format: Manuscript Book
Language:Slovak
Published: 2024
Subjects:
Online Access:http://is.stuba.sk/zp/portal_zp.pl?podrobnosti=177251
https://opac.crzp.sk/?fn=detailBiblioForm&sid=AA0D9432EF6DE826CF181C4F11D3
Tags: Add Tag
No Tags, Be the first to tag this record!

MARC

LEADER 00000ntm a22000003a 4500
001 stuzp98863
003 SK-STU
005 20240919142717.8
007 ta
008 150427s2015----xo-----f-mn---000-0-slo-d
040 |a STU  |b slo 
041 0 |a slo 
100 1 |a Gálfy, Máté  |u 010180  |4 aut  |U SvF Stavebná fakulta  |T SvF Katedra konštrukcií pozemných stavieb  |X 98132  |U V180  |Y 18  |7 98132 
242 0 1 |a Chevrolet Car showroom + Car service  |y eng 
245 1 0 |a Autosalón + autoservis Chevrolet 
260 |c 2024 
650 4 |a autoservis  |2 slo 
650 4 |a autosalón Chevrolet  |2 slo 
650 4 |a diplomová práca  |2 slo 
650 4 |a master thesis  |2 eng 
650 4 |a car showroom Chevrolet  |2 eng 
650 4 |a car service  |2 eng 
700 1 |a Bielek, Boris  |u 010180  |k Z1  |4 ths  |U SvF Stavebná fakulta  |T SvF Katedra konštrukcií pozemných stavieb  |X 4303  |U V180  |Y 18  |7 A000004303 
856 4 |u http://is.stuba.sk/zp/portal_zp.pl?podrobnosti=177251 
856 4 |u https://opac.crzp.sk/?fn=detailBiblioForm&sid=AA0D9432EF6DE826CF181C4F11D3